000 00431nam a2200157 i 4500
001 149733
003 ES-MaACL
005 20230906203231.0
007 t|
008 071024s1934 fr ||||1| fre d
100 1 _aVaudoyer, Jean-Louis.
_9113311
245 1 0 _aItaliennes, essais, impressions, souvenirs /
_cJean-Louis Vaudoyer.
260 _aParis :
_bPlon,
_c1934.
300 _a300 p. ;
_c19 cm.
852 _aES-MaACL
_jA-2754
999 _c149733
_d149733